Shi Jie Zhi Shi Nian Jian 2004/2005 (Record no. 1101389)

MARC details
000 -LEADER
fixed length control field 00629nam a2200229Ia 4500
003 - CONTROL NUMBER IDENTIFIER
control field OSt
005 - DATE AND TIME OF LATEST TRANSACTION
control field 20221006153754.0
008 - FIXED-LENGTH DATA ELEMENTS--GENERAL INFORMATION
fixed length control field 221006b |||||||| |||| 00| 0 chi d
037 ## - SOURCE OF ACQUISITION
Terms of availability Annuals, Advances
040 ## - CATALOGING SOURCE
Original cataloging agency EASL
Transcribing agency EASL
Language of cataloging chi
041 ## - LANGUAGE CODE
Source of code chi
Language code of text/sound track or separate title chi
245 #0 - TITLE STATEMENT
Title Shi Jie Zhi Shi Nian Jian 2004/2005
260 ## - PUBLICATION, DISTRIBUTION, ETC.
Place of publication, distribution, etc. Beijing
Name of publisher, distributor, etc. Shi Jie Zhi Shi Chu banshe
Date of publication, distribution, etc. 2005
300 ## - PHYSICAL DESCRIPTION
Extent 1238p. 1CD
Dimensions cm.
490 ## - SERIES STATEMENT
Volume/sequential designation RR
942 ## - ADDED ENTRY ELEMENTS (KOHA)
Classification part V1n1,P5, 41P5
Koha item type Reference
Source of classification or shelving scheme Colon Classification (CC)
Holdings
Withdrawn status Lost status Source of classification or shelving scheme Damaged status Not for loan Home library Current library Date acquired Source of acquisition Serial Enumeration / chronology Total Checkouts Full call number Barcode Date last seen Price effective from Koha item type
    Colon Classification (CC)     Department of East Asian Studies Library Department of East Asian Studies Library 2022-10-06 Gift, PRC RR   V1n1,P5 41P5 EA1393936 2022-10-06 2022-10-06 Reference
Copyright @ Delhi University Library System